| Tag |
First Indicator |
Second Indicator |
Subfields |
| LEADER |
00000cam a22000003i 4500 |
| 001 |
in00005678122 |
| 005 |
20260219202454.3 |
| 008 |
250321t20252025caua 6 000 1 eng d |
| 035 |
|
|
|a (OCoLC)1499238782
|
| 040 |
|
|
|a YDX
|e rda
|c BRL
|d YEQ
|d TXA
|
| 020 |
|
|
|a 1799505634
|
| 020 |
|
|
|a 9781799505631
|q (hardcover)
|
| 020 |
|
|
|a 9781799505501
|q (softcover)
|
| 020 |
|
|
|a 1799505502
|q (softcover)
|
| 090 |
|
|
|a PN6728.A38
|b C36 2025
|
| 100 |
1 |
|
|a Campbell, Jamal,
|e author,
|e illustrator.
|
| 245 |
1 |
0 |
|a Zatanna :
|b it's showtime! /
|c Jamal Campbell, writer, artist, and collection cover artist ; Ariana Maher, letterer.
|
| 264 |
|
1 |
|a Burbank, California :
|b DC Comics,
|c [2025].
|
| 264 |
|
4 |
|c ©2025.
|
| 300 |
|
|
|a 1 volume (unpaged) :
|b color illustrations ;
|c 27 cm.
|
| 336 |
|
|
|a text
|b txt
|2 rdacontent
|
| 336 |
|
|
|a still image
|b sti
|2 rdacontent
|
| 337 |
|
|
|a unmediated
|b n
|2 rdamedia
|
| 338 |
|
|
|a volume
|b nc
|2 rdacarrier
|
| 500 |
|
|
|a Collects Zatanna nos.1-6.
|
| 520 |
|
|
|a Zatanna Zatara is going back on tour, or at least she’s trying to! Before her show can even begin, she finds herself under attack by a strange new threat, the White Lady! This ghostly new adversary has abducted her crew, forcing Zatanna to dive headfirst into a world of tricks, curses, and magical swords?!"
|
| 600 |
0 |
0 |
|a Zatanna
|c (Fictitious character)
|v Comic books, strips, etc.
|
| 650 |
|
0 |
|a Women magicians
|v Comic books, strips, etc.
|
| 650 |
|
0 |
|a Women superheroes
|v Comic books, strips, etc.
|
| 650 |
|
0 |
|a Magic
|v Comic books, strips, etc.
|
| 710 |
2 |
|
|a DC Comics, Inc.,
|e publisher.
|
| 948 |
|
|
|h NO HOLDINGS IN TXA - 34 OTHER HOLDINGS
|
| 994 |
|
|
|a Z0
|b TXA
|
| 999 |
f |
f |
|i 9f5795ba-3c0d-423a-bb18-ed4a0ed3d9a0
|s bc809611-fceb-429f-9132-4ea47fe6b714
|t 0
|
| 952 |
f |
f |
|p normal
|a Texas A&M University
|b College Station
|c Sterling C. Evans Library
|s Evans stk
|d Evans: Library Stacks
|t 0
|e PN6728.A38 C36 2025
|h Library of Congress classification
|i unmediated -- volume
|m A14852790543
|
| 998 |
f |
f |
|a PN6728.A38 C36 2025
|t 0
|l Evans: Library Stacks
|